Remek visszatérés az öreg Tiszára A szegedi Gyetvai Antal kategóriagyőztes : XXVI. Nemzetközi motorcsónakverseny, Novart Kupa /
Elmentve itt :
| Szerző: | |
|---|---|
| Dokumentumtípus: | Cikk |
| Megjelent: |
1986-08-18
|
| Sorozat: | Délmagyarország
76 No. 194 |
| Kulcsszavak: | motorcsónak |
| Online Access: | http://dmarchiv.bibl.u-szeged.hu/111608 |
| LEADER | 00560nab a2200157 i 4500 | ||
|---|---|---|---|
| 001 | delm111608 | ||
| 005 | 20190912134009.0 | ||
| 008 | 190912s1986 hu o 0|| hun d | ||
| 040 | |a SZTE Délmagyarország Archívum |b hun | ||
| 041 | |a hun | ||
| 100 | 1 | |a Gát László, | |
| 245 | 1 | 0 | |a Remek visszatérés az öreg Tiszára |h [elektronikus dokumentum] : |b A szegedi Gyetvai Antal kategóriagyőztes : XXVI. Nemzetközi motorcsónakverseny, Novart Kupa / |c Cs. Gát László, |
| 260 | |c 1986-08-18 | ||
| 300 | |a 6 | ||
| 490 | 0 | |a Délmagyarország |v 76 No. 194 | |
| 695 | |a motorcsónak | ||